|
|
|
|
| LEADER |
00000nam0a2200000 4500 |
| 001 |
143506 |
| 005 |
20231101221031.0 |
| 035 |
|
|
|a (RuTPU)RU\TPU\book\155515
|
| 090 |
|
|
|a 143506
|
| 100 |
|
|
|a 20080919d1946 k y0rusy50 ca
|
| 101 |
1 |
|
|a rus
|c eng
|
| 102 |
|
|
|a RU
|
| 105 |
|
|
|a a z 000zy
|
| 200 |
1 |
|
|a Устойчивость упругих систем
|e пер. с англ.
|f С. П. Тимошенко
|
| 210 |
|
|
|a Москва
|a Ленинград
|c Гостехтеоретиздат
|d 1946
|
| 215 |
|
|
|a 532 с.
|c ил.
|
| 320 |
|
|
|a Имен. указ.: с. 528-529
|
| 320 |
|
|
|a Предм. указ.: с. 530-532
|
| 330 |
|
|
|a Классическая книга (наибольшее число ссылок) известного американского учёного русского происхождения. Настоящая книга прямо переходит к частным проблемам, показывая в каждом случае, при каких условиях возникает вопрос об устойчивости. Различные методы решения даются в связи с типами проблем, для которых они наиболее пригодны. Решения в большинстве случаев сопровождаются таблицами и диаграммами, дающими значения критических нагрузок и напряжений для каждого частного случая. Много справочной информации актуальной и сегодня.
|
| 606 |
1 |
|
|a Упругие системы
|x Устойчивость
|2 stltpush
|3 (RuTPU)RU\TPU\subj\63137
|9 80181
|
| 610 |
1 |
|
|a сжатые стержни
|
| 610 |
1 |
|
|a прогибы
|
| 610 |
1 |
|
|a кривизна
|
| 610 |
1 |
|
|a выпучивание
|
| 610 |
1 |
|
|a испытания
|
| 610 |
1 |
|
|a расчеты
|
| 610 |
1 |
|
|a формулы
|
| 610 |
1 |
|
|a балки
|
| 610 |
1 |
|
|a тонкие пластины
|
| 610 |
1 |
|
|a тонкие оболочки
|
| 610 |
1 |
|
|a кручение
|
| 675 |
|
|
|a 539.3
|v 3
|
| 700 |
|
1 |
|a Тимошенко
|b С. П.
|
| 801 |
|
1 |
|a RU
|b 63413507
|c 20080919
|g PSBO
|
| 801 |
|
2 |
|a RU
|b 63413507
|c 20180525
|g PSBO
|
| 942 |
|
|
|c BK
|